Guía de campo de las orquídeas de Santa María (Registro nro. 8330)

Detalles MARC
000 -CABECERA
Campo de control 01007nam a22002657a 4500
005 - FECHA Y HORA DE LA ULTIMA TRANSACCION
Campo de control 20191217042141.0
008 - ELEMENTOS DE LONGITUD FIJA—INFORMACION GENERAL
Campo de control 140401s2011 ck ao gr|||| ||||0 spa d
020 ## - ISBN
ISBN 9789587611144
040 ## - FUENTE DE CATALOGACIÓN
Agencia catalogadora original CO-BoIAVH
Agencia transcriptora CO-BoIAVH
041 0# - IDIOMA
Código de idioma para texto/pista de sonido o título separado Español
044 ## - PAÍS DE PUBLICACIÓN
País de publicación Colombia
082 04 - NUMERO DE CLASIFICACION DECIMAL DEWEY
Número de clasificación 584.4
Número del ítem G51g
100 1# - ASIENTO PRINCIPAL--NOMBRE PERSONAL
Nombre personal Giraldo, Giovanny
9 (RLIN) 23206
245 10 - MENCION DE TITULO
Título Guía de campo de las orquídeas de Santa María
Mención de responsabilidad Giovanny Giraldo, Julio Betancur.
Parte restante del título (Boyacá, Colombia)
260 3# - PUBLICACION, DISTRIBUCION, ETC. (PIE DE IMPRENTA)
Lugar de publicación, distribución, etc. Bogotá
Nombre del editor, distribuidor, etc. Universidad Nacional de Colombia
Fecha de publicación, distribución, etc. 2011
300 ## - DESCRIPCION FISICA
Extensión 188 p.
Otros detalles físicos il., fot.
Dimensiones 22 cm
490 0# - MENCION DE SERIE
Mención de serie Serie Guías de Campo del Instituto de Ciencias Naturales, Universidad Nacional de Colombia
Designación numérica/secuencial del volumen 9
504 ## - NOTA DE BIBLIOGRAFIA, ETC.
Nota de bibliografía Incluye bibliografía (páginas 172 y 173)
650 #4 - ASIENTO SECUNDARIO DE MATERIA - TERMINO TEMATICO
Término temático o nombre geográfico como elemento de entrada Orquídeas
Subdivisión general Clasificación
Subdivisión geográfica Colombia
9 (RLIN) 83550
650 #4 - ASIENTO SECUNDARIO DE MATERIA - TERMINO TEMATICO
Término temático o nombre geográfico como elemento de entrada Angiospermas
Subdivisión general Clasificación
Subdivisión geográfica Colombia
9 (RLIN) 83551
650 #4 - ASIENTO SECUNDARIO DE MATERIA - TERMINO TEMATICO
Término temático o nombre geográfico como elemento de entrada Plantas neotropicales
9 (RLIN) 23215
651 #4 - ASIENTO SECUNDARIO DE MATERIA - NOMBRE GEOGRAFICO
Nombre geográfico Santa María (Boyacá)
Subdivisión de forma Guías
Subdivisión geográfica Colombia
9 (RLIN) 83552
700 1# - ASIENTO SECUNDARIO - NOMBRE PERSONAL
Nombre personal Betancur, Julio
9 (RLIN) 4620
942 ## - ELEMENTOS ADICIONALES (KOHA)
Sistema de clasificación Dewey Decimal Classification
Tipo de ítem Impreso
Koha issues (borrowed), all copies 4
Existencias
Withdrawn status Lost status Sistema de Clasificación Damaged status No para préstamo Colección Inventariado Ubicación Permanente Ubicación actual Fecha de adquisición Fuente de Valor Valor Total Checkouts Número topográfico Inventario / Código de Barras Date last seen Date checked out Ejemplar Price effective from Forma de adquisición Tipo de material
    Dewey Decimal Classification     General Inventariado 2017 Bogotá Bogotá 01/04/2014 Instituto 39000.00 3 LB-584.4 G51g 034196 28/11/2017 28/11/2017 Ej. 1 01/04/2014   Libro
    Dewey Decimal Classification     General Inventariado 2017 Bogotá Bogotá 01/04/2014 Instituto 39000.00 2 LB-584.4 G51g 034197 13/02/2018 13/02/2018 Ej. 2 01/04/2014   Libro